000 00658nam a2200253Ia 4500
003 OSt
005 20221007072134.0
006 a|||||r|||| 00| 0
007 ta
008 221006b |||||||| |||| 00| 0 eng d
020 _a9780745331898
024 _a45,820
037 _cTextual
040 _aFLL
_cFLL
_beng
041 _2eng
_aeng
082 _aW6V, Q3
100 _aROPER Brain S.
_9690134
245 0 _aHistory of democracy
_ba marxist interpretation
250 _a1st
260 _aLondon
_bPluto Press UK
_c2013
300 _axv,310p.
_ccm.
942 _hW6V, Q3
_cTEXL
_2CC
999 _c1145299
_d1145299